Transmission electron microscopy of materials /

Guardado en:
Autor Principal: Thomas, Gareth, 1932-
Otros Autores: Goringe, Michael J.
Formato: Libro
Idioma:English
Publicado: New York : Wiley, c1979.
Materias:
Etiquetas: Agregar Etiqueta
Sin Etiquetas, Sea el primero en etiquetar este registro!
LEADER 00889pam a22002535a 4500
001 EIQ.libpla003996
008 790116s1979####nyua#####b####001#0#eng#d
005 20080423195138.0
245 1 0 |a Transmission electron microscopy of materials /  |c Gareth Thomas, Michael J. Goringe. 
260 |a New York :  |b Wiley,  |c c1979. 
300 |a xiv, 388 p. :  |b il. ;  |c 23 cm. 
500 |a "A Wiley-Interscience publication." 
504 |a Incluye referencias bibliográficas e índice. 
020 |a 0471122440 
100 1 |a Thomas, Gareth,  |d 1932- 
700 1 |a Goringe, Michael J.  |q (Michael John). 
082 0 0 |a 620.1/12/028 
650 4 |a Laboratory  |x Microscopía electrónica. 
650 4 |a Materiales  |x Prueba. 
650 4 |a Laboratory  |x Electron microscopy. 
650 0 |a Materials  |x Testing. 
010 |a  79000449  
040 |a DLC  |c DLC  |d AR-BbSID 
859 |a AR-BbSID  |b BIB. PLAPIQUI  |h 543.085  |i T 363  |p 404